| 000 | 00694nam a2200121Ia 4500 | ||
|---|---|---|---|
| 008 | 220620s9999||||xx |||||||||||||| ||und|| | ||
| 100 | _aDevlin, Nancy||Parkin, David||Janssen, Bas | ||
| 245 | 0 | _aMethods for Analysing and Reporting EQ-5D Data | |
| 546 | _aEnglish[eng] | ||
| 650 | _aBiomedicine, general||Public Health||Quality of Life Research||Biomedical Research||EQ-5D||Open Access||patient reported outcomes (PROs)||health related quality of life (HRQoL)||quality of life||QALYs||Medical research||Public health & preventive medicine||Personal & public health | ||
| 856 | _uhttps://library.oapen.org/bitstream/20.500.12657/41288/1/2020_Book_MethodsForAnalysingAndReportin.pdf | ||
| 942 | _cEB | ||
| 999 |
_c30443 _d30443 |
||